[Event "GER-chT Lands U20"]
[Site "Bad Sulza"]
[Date "2004.11.17"]
[Round "4.8"]
[White "Frey, Alisa"]
[Black "Lingl, Xenia"]
[Result "1-0"]
[WhiteElo "1403"]
[BlackElo "1196"]
[PlyCount "117"]
[EventDate "2004.11.15"]
[EventType "team-swiss"]
[EventRounds "7"]
[EventCountry "GER"]
[SourceTitle "EXT 2006"]
[Source "ChessBase"]
[SourceDate "2005.11.24"]
[SourceVersion "1"]
[SourceVersionDate "2005.11.24"]
[SourceQuality "1"]

1. e4 e5 2. Nf3 Nc6 3. Nc3 Nf6 4. d4 exd4 5. Nxd4 Bb4 6. Nxc6 bxc6 7. Bd3 d5 8. exd5 cxd5 9. 0-0 0-0 10. Bg5 c6 11. Qf3 Be7 12. Rfe1 Rb8 13. Na4 Rb7 14. Ba6 Rb8 15. Bxc8 Rxc8 16. Rad1 h6 17. Bh4 Qc7 18. Re3 Ne4 19. Bxe7 Qxe7 20. Nc3 f5 21. Qh5 Qg5 22. Qh3 Rce8 23. Nxe4 Rxe4 24. Rde1 Rfe8 25. Qf3 d4 26. Rxe4 Rxe4 27. Rd1 Qd2 28. g3 Qxc2 29. Qb3+ Qxb3 30. axb3 c5 31. b4 c4 32. f3 Re3 33. Rxd4 Rxf3 34. Rxc4 Rb3 35. Kg2 Rxb2+ 36. Kg1 Kf7 37. Rc7+ Kg6 38. Rb7 a5 39. Rb6+ Kh7 40. bxa5 Ra2 41. Ra6 Kg8 42. h3 Kf7 43. Ra7+ Kf6 44. a6 Kg6 45. Ra8 Kh7 46. a7 Kg6 47. Kf1 Kf7 48. Ke1 g5 49. Rh8 Kg7 50. a8Q Rxa8 51. Rxa8 Kg6 52. Ra6+ Kg7 53. h4 g4 54. Kf2 Kh7 55. Ke3 h5 56. Kf4 Kg7 57. Kxf5 Kh7 58. Kg5 Kg7 59. Ra7+ 1-0

[Event "GER-chT Lands U20"]
[Site "Bad Sulza"]
[Date "2004.11.16"]
[Round "3.8"]
[White "Lingl, Xenia"]
[Black "Bluebaum, Johanna"]
[Result "0-1"]
[WhiteElo "1196"]
[BlackElo "1695"]
[PlyCount "124"]
[EventDate "2004.11.15"]
[EventType "team-swiss"]
[EventRounds "7"]
[EventCountry "GER"]
[SourceTitle "EXT 2006"]
[Source "ChessBase"]
[SourceDate "2005.11.24"]
[SourceVersion "1"]
[SourceVersionDate "2005.11.24"]
[SourceQuality "1"]

1. e4 e6 2. d4 d5 3. exd5 exd5 4. Bd3 c5 5. c3 Nc6 6. Bc2 Bd6 7. h3 Nge7 8. Nf3 Bf5 9. Be3 cxd4 10. cxd4 0-0 11. 0-0 Rc8 12. Nc3 a6 13. Rc1 Re8 14. a4 Nb4 15. Bb3 Bb8 16. Qd2 Qd6 17. Ne2 Ng6 18. Ng3 Be4 19. Qd1 f5 20. Bd2 Nd3 21. Rxc8 Rxc8 22. Bc3 Kh8 23. Bc2 Nxb2 24. Bxb2 Bxc2 25. Qd2 Be4 26. Rc1 Rc6 27. Kf1 Qf4 28. Rxc6 bxc6 29. Qa5 Bd3+ 30. Ne2 Qc7 31. Qd2 Nf4 32. Nfg1 Qe7 33. Bc1 Bxe2+ 34. Nxe2 Qxe2+ 35. Qxe2 Nxe2 36. Kxe2 Bd6 37. Kf3 Kg8 38. Bf4 Bb4 39. Be5 Kf7 40. Kf4 g6 41. Kg5 Bd2+ 42. Kh4 Bb4 43. Kg5 c5 44. Bd6 Bd2+ 45. Bf4 Bxf4+ 46. Kxf4 cxd4 47. Kf3 Kf6 48. Ke2 Ke5 49. Kd3 h6 50. g3 a5 51. f4+ Kd6 52. Kxd4 h5 53. Kd3 Kc5 54. Kc3 d4+ 55. Kd3 Kd5 56. Kd2 Ke4 57. Ke2 d3+ 58. Kd2 Kd4 59. Kd1 Ke3 60. Ke1 d2+ 61. Kd1 Kd3 62. h4 Ke3 0-1

[Event "GER-chT Lands U20"]
[Site "Bad Sulza"]
[Date "2004.11.15"]
[Round "1.8"]
[White "Lingl, Xenia"]
[Black "Kuhn, Ina"]
[Result "1-0"]
[WhiteElo "1196"]
[BlackElo "1000"]
[PlyCount "47"]
[EventDate "2004.11.15"]
[EventType "team-swiss"]
[EventRounds "7"]
[EventCountry "GER"]
[SourceTitle "EXT 2006"]
[Source "ChessBase"]
[SourceDate "2005.11.24"]
[SourceVersion "1"]
[SourceVersionDate "2005.11.24"]
[SourceQuality "1"]

1. e4 c5 2. c3 Nc6 3. d3 d6 4. g3 g6 5. Bg2 Bg7 6. f4 e6 7. Nf3 Rb8 8. 0-0 b5 9. Qe2 Nge7 10. Be3 Qc7 11. Nbd2 0-0 12. Rf2 b4 13. e5 Nd8 14. Nc4 Nf5 15. exd6 Nxd6 16. Nxd6 Qxd6 17. c4 Nc6 18. Qc2 a5 19. Qa4 Qc7 20. Bxc5 Rd8 21. Rd1 Bb7 22. Qb5 Na7 23. Bxa7 Rbc8 24. Bb6 1-0